Image processing methods using artificial intelligence in the field of medicine

Na minha lista:
Detalhes bibliográficos
Autor principal: Vachan, Viliam (Author)
Outros Autores: Jakab, Marek (Thesis advisor)
Formato: Manuscrito Livro
Idioma:eslovaco
inglês
Publicado em: 2025
Assuntos:
Acesso em linha:http://is.stuba.sk/zp/portal_zp.pl?podrobnosti=175381
Tags: Adicionar Tag
Sem tags, seja o primeiro a adicionar uma tag!

MARC

LEADER 00000ntm a22000003a 4500
001 stuzp102948
003 SK-STU
005 20250614211909.4
007 ta
008 150427s2015----xo-----f-mn---000-0-slo-d
040 |a STU  |b slo 
041 0 |a eng 
100 1 |a Vachan, Viliam  |u 070400  |4 aut  |U FIIT Fakulta informatiky a informačných technológií  |T FIIT Ústav počítačového inžinierstva a aplikovanej informatiky  |X 120899  |U I400  |Y 672  |7 120899 
242 0 1 |a Spracovanie obrazu metódami umelej inteligencie v doméne medicíny  |y slo 
245 1 0 |a Image processing methods using artificial intelligence in the field of medicine 
260 |c 2025 
650 4 |a U-Net  |2 eng 
650 4 |a Multiclass image segmentation  |2 eng 
650 4 |a Mamba block  |2 eng 
650 4 |a U-Net  |2 slo 
650 4 |a Mamba blok  |2 slo 
650 4 |a Viactriedna segmentácia obrazu  |2 slo 
700 1 |a Jakab, Marek  |u 070300  |k Z3  |4 ths  |U FIIT Fakulta informatiky a informačných technológií  |T FIIT Ústav aplikovanej informatiky  |X 5669  |U I300  |Y 180  |7 A000005669 
856 4 |u http://is.stuba.sk/zp/portal_zp.pl?podrobnosti=175381